000 00442nam a2200181Ia 4500
001 3196
005 20260306144903.0
008 260306t2008||||xx |||||||||||||| ||spa||
041 _aESP
082 _a261.8
_bV935H
100 _aVelasco Criado, Demetrio
_eAUT
245 0 _aHacia una visión cristiana de la propiedad
260 _c2008
300 _a32 páginas :
_c21cm.
650 _aGEN
654 _aCHU
942 _cLIB
_dJUS
_fJUS
_2ddc
_n
999 _c3196
_d3196